LEADER 00797nam0-22002771i-450- 001 990004257210403321 005 20010711 035 $a000425721 035 $aFED01000425721 035 $a(Aleph)000425721FED01 035 $a000425721 100 $a20010711d1959----km-y0itay50------ba 101 0 $aeng 105 $ay-------001yy 200 1 $a<>Search for good sense$efour eighteenth-century characters$eJohnson, Chesterfield, Boswell, Goldsmith$fF. L. Lucas 205 $a2. ed. 210 $aLondon$cCassell$d1959 215 $aXIII, 354 p.$d23 cm 700 1$aLucas,$bF. L.$0168553 801 0$aIT$bUNINA$gRICA$2UNIMARC 901 $aBK 912 $a990004257210403321 952 $aP.3 BR.C.1826$fFLFBC 959 $aFLFBC 996 $aSearch for good sense$9172222 997 $aUNINA LEADER 01749oam 2200445M 450 001 9910716452203321 005 20200213070502.1 035 $a(CKB)5470000002521623 035 $a(OCoLC)1065768796 035 $a(OCoLC)995470000002521623 035 $a(EXLCZ)995470000002521623 100 $a20071213d1927 ua 0 101 0 $aeng 135 $aurcn||||||||| 181 $ctxt$2rdacontent 182 $cc$2rdamedia 183 $acr$2rdacarrier 200 10$aRetirement under certain conditions of officers and former officers of the World War. February 16, 1927. -- Referred to the House Calendar and ordered to be printed 210 1$a[Washington, D.C.] :$c[U.S. Government Printing Office],$d1927. 215 $a1 online resource (1 pages) 225 1 $aHouse report / 69th Congress, 2nd session. House ;$vno. 2105 225 1 $a[United States congressional serial set] ;$v[serial no. 8690] 300 $aBatch processed record: Metadata reviewed, not verified. Some fields updated by batch processes. 300 $aFDLP item number not assigned. 606 $aWorld War, 1914-1918 606 $aDisabled veterans 606 $aArmed Forces$xOfficers 608 $aLegislative materials.$2lcgft 615 0$aWorld War, 1914-1918. 615 0$aDisabled veterans. 615 0$aArmed Forces$xOfficers. 701 $aSnell$b Bertrand Hollis$f1870-1958$pRepublican (NY)$01388514 801 0$bWYU 801 1$bWYU 801 2$bOCLCO 801 2$bOCLCQ 906 $aBOOK 912 $a9910716452203321 996 $aRetirement under certain conditions of officers and former officers of the World War. February 16, 1927. -- Referred to the House Calendar and ordered to be printed$93549818 997 $aUNINA